The Journal of Economic Perspectives

Xehetasun bibliografikoak
Formatua: Baliabide elektronikoa Aldizkaria
Hizkuntza:English
Argitaratua: American Economic Association
Gaiak:
Sarrera elektronikoa:Full text available on JSTOR[2017-01-01 - 2023-01-01]
Off-campus access
LEADER 01009cas a2200217 a 4500
001 AALejournalJSTOR000975
008 230228c9999 xx r poo 0 0eng d
022 |a 0895-3309 
022 |a 1944-7965 
040 |a BD-DhAAL  |c BD-DhAAL 
245 0 0 |h [electronic resource]  |a The Journal of Economic Perspectives 
260 |b American Economic Association 
300 |a 1 online resource 
362 0 |a Vol. 31,  |a no. 1 
500 |a <strong>Off-Campus Access:</strong> Athens ID and Password Required 
500 |a <strong>On-Campus Access:</strong> No User ID or Password Required 
506 |a Electronic access restricted to authorized BRAC University faculty, staff and students 
538 |a Mode of access: Internet 
650 4 |a Business ; Business & Economics ; Economics 
856 4 0 |z Full text available on JSTOR[2017-01-01 - 2023-01-01]  |u https://www.jstor.org/journal/jeconpers 
856 4 0 |z Off-campus access  |u https://go.openathens.net/redirector/bracu.ac.bd?url=https%3A%2F%2Fwww.jstor.org%2Fjournal%2Fjeconpers